| 000 | 00781nam a2200253 a 4500 | ||
|---|---|---|---|
| 001 | 31412 | ||
| 003 | BD-RjUL | ||
| 005 | 20211209051710.0 | ||
| 008 | 140415r19481937enk 001 0 eng d | ||
| 035 | _aoxf98220783 | ||
| 035 | _a(BD-RjUL)31499 | ||
| 040 |
_aBNG _cBNG _dm.c _dBD-RjUL _beng |
||
| 041 | _aeng | ||
| 082 | 0 | 4 |
_a194 _bROD 1937 |
| 099 | _a*ML FM.DES2 - 8DIS - D7-E8 | ||
| 100 | 1 |
_aRoth, Leon, _d1896-1963 _995582 |
|
| 245 | 1 | 0 |
_aDescartes' Discourse on method / _cby Leon Roth |
| 260 |
_aOxford : _bClarendon Press, _c1937 [Reprinted 1948] |
||
| 300 |
_aviii, 142 p. ; _c20 cm |
||
| 504 | _aincludes bibliographical footnotes and index. | ||
| 650 |
_aDiscours de la méthode (Descartes, René) _930200 |
||
| 650 |
_aScience _xMethodology _9220828 |
||
| 942 |
_2ddc _cBK |
||
| 999 |
_c31412 _d31412 |
||